00553 2200181 4500001002100000005001500021035002000036007000300056008004100059082001000100084001600110100002600126245009500152260001700247300004200264520004900306600001600355INLIS00000000000054620210909120530 a0010-0921000018ta210909 b 1 ind  a398.2 a398.2 YUD d0 aYudhistira Ikranegara1 aDongeng pengantar tidur :bKisah sandean raja dari kerajaan timur /cYudhistira Ikranegara bCV.Dua media a32 Halaman :bIlustrasi ;c21 x 15 cm aDongen tak bisa di pisahkan dengan anak-anak 4aCerita Anak